00588nmm a2200145 a 4500001001500000005001700015008004100032100002800073245007400101260006300175300001100238856008200249999001500331952009600346ASINB00EAFF1XW20140910172856.0140909s1987 xxu eng d1 aFair Weather, Virginia.10aCivil engineering :bfrom the rubble reform /cVirginia Fir Weather. aNew York :bAmerican Society of Civil Engineering ,c1988. a114 p.403Amazon.comuhttp://www.amazon.com/exec/obidos/ASIN/B00EAFF1XW/chopaconline-20 c9712d9712 00104070aQUESTCLbQUESTCLd2014-09-10l0oFAIpD294r2014-09-10 00:00:00w2014-09-10yBK